| 000 | 00451nam a2200193Ia 4500 | ||
|---|---|---|---|
| 008 | 210210b1959 xxu||||| |||| 00| 0 eng d | ||
| 041 | _aeng | ||
| 082 | _a331/26 | ||
| 100 | _aCHANDLER (L V) | ||
| 245 | _aEconomics of money and banking | ||
| 260 |
_aNew York _bHarper & Brothers Publishers., _c1959 |
||
| 650 | _aof | ||
| 650 | _amoney | ||
| 650 | _aEconomics | ||
| 650 | _abanking | ||
| 650 | _aand | ||
| 690 | _aBanking | ||
| 906 | _a003928 | ||
| 999 |
_c121729 _d121729 |
||